| 000 | 00841nam a22002297a 4500 | ||
|---|---|---|---|
| 003 | OSt | ||
| 005 | 20260306040511.0 | ||
| 008 | 260306b |||||||| |||| 00| 0 eng d | ||
| 020 | _a978-621-406-420-5 | ||
| 040 |
_aDWCL - Main Lib. _cOC |
||
| 082 | _aFil. 338.479 M626 2025 | ||
| 100 | _aBuenaventura, John Paul G., LPT | ||
| 245 |
_aMicro perspective in tourism and hospitality / _cJohn Paul G. Buenaventura, LPT [and three others] |
||
| 260 |
_aManila, Philippines: _bMindshapers, _cc2025. |
||
| 300 |
_ax, 178 pages: _billustrations; _c25cm. |
||
| 504 | _aIncludes bibliographical references. | ||
| 650 | _a1. Hospitality industry -- Management. | ||
| 700 | _aI. Marte-Lago, Elpedia M., DBM | ||
| 700 | _aII. Buenaventura-Gutierrez, Liberty | ||
| 700 | _aIII. Dela Cruz, Merceditas E., MSBA-HRM, CGS | ||
| 942 |
_2ddc _cBK - FIL _n0 |
||
| 999 |
_c8687 _d8687 |
||